000 00611nam a22002177a 4500
005 20251108165402.0
008 250721s1996 xx 000 0 ara d
082 1 4 _a935/علي
100 1 _aعلي، فاضل عبد الواحد
245 1 0 _aمن سومر إلى التوراة /
250 _aط2
264 1 _aالقاهره :
_bسينا للنشر،
_c1996.
300 _a307ص
650 1 7 _aالعراق
650 1 7 _aالتاريخ القديم
650 1 7 _aبلاد ما بين النهرين
650 1 7 _aالحضارة
650 1 7 _aالتاريخ
942 _2ddc
_cBK
999 _c26666
_d26666